000 01572nam a2200349 i 4500
003 DO-SdBNP
005 20250620092957.0
007 ta
008 20203b 2019 dr a||| |||| 00| 0 sspadd
020 _a9789945484335, v.1
020 _a9789945484366, v.2
020 _a9789945484373, v.3
020 _a9789945484380, v,4
040 _aDO-SdBNP
_bspa
_cBNPHU
_erda
041 _aspa
082 4 _a370
_bP426c
_222
100 1 _aPeralta , Damián,
_d1950-
_eautor
_4aut.
_977879
245 1 0 _aColección la pedagogía ardiente /
_cDamián Peralta ; prólogo, María del Rosario.
264 4 _aSanto Domingo, República Dominicana :
_bGrupo Editorial Montaño,
_c©2019-2020.
300 _a4 volúmenes :
_bilustraciones ;
_c24 cm
336 _atexto
_btxt
_2rdacontent
337 _asin mediación
_bn
_2rdamedia
338 _avolumen
_bnc
_2rdacarrier
490 0 _aAforismos pedagógicos ;
_v1-4
500 _aIncluye datos biográficos del autor en las solapas
505 _av.1.
_tPensar el rol de la gestión educativa en el siglo XXI --
_gv.2.
_tPensar el rol de la educación al enseñar, estudiar y aprender en el siglo XXI --
_gv.3.
_tPara pensar el rol del maestro al enseñar a la gente a estudiar y aprender en el siglo XXI --
_gv.4.
_tPara penar el rol de la gente al estudiar y aprender en el siglo XXI.
590 _aInventariado, 2021 / DG
650 7 _aEducación
_vCitas, máximas, etc.
_951588
_2LEMB
700 1 _aRosario, María del,
_eprologuista
_4pr.
_988023
910 _aInventariado, 2021 / DG/Validado. Control de calidad MFF
942 _2ddc
_cLBS1
999 _c49433
_d49433